General homogeneous coordinates in space of three dimensions.

Kaydedildi:
Detaylı Bibliyografya
Yazar: Maxwell, E. A. (Edwin Arthur)
Materyal Türü: Kitap
Dil:English
Baskı/Yayın Bilgisi: Cambridge : Cambridge University Pres, 1951.
Konular:
LEADER 00784nam a2200217ra 4500
001 c000001147
003 CARM
005 00000000000000.0
008 820513s1951 enk 00000 eng d
019 1 |a 2558863  |z 22606078  |5 LACONCORD2021 
035 |a (OCoLC)168714  |5 LACONCORD2021 
100 1 |a Maxwell, E. A.  |q (Edwin Arthur) 
245 1 0 |a General homogeneous coordinates in space of three dimensions. 
260 |a Cambridge :  |b Cambridge University Pres,  |c 1951. 
300 |a 169 p. 
650 0 |a Coordinates. 
852 8 |b CARM  |h A2:AD10A0  |i B00542  |p 0024424  |f BK 
082 0 |a 516.13 
082 0 |a 516.5 
999 f f |i 72d57539-4bcb-5e44-a838-f397c516d30d  |s 7e452280-e0cd-5319-a463-50e3576060a5 
952 f f |p Can circulate  |a CAVAL  |b CAVAL  |c CAVAL  |d CARM 1 Store  |e B00542  |f A2:AD10A0  |h Other scheme  |i book  |m 0024424